Rare 2010's Kids Movies by picture - Statistics

General Stats
  • This quiz has been taken 37 times
  • The average score is 5 of 16
Answer Stats
Picture Answer % Correct
Sherlock Gnomes
58%
The Nut Job
58%
Little Rascals
55%
The Tooth Fairy
55%
A Wrinkle in Time
52%
Meet the Robinsons
48%
Yogi Bear
42%
Alpha and Omega
24%
Fred
24%
Rise of the Guardians
21%
Small Foot
21%
Adventures of Babysitting
18%
Alexander and the terrible, horrible, no good, very bad day
18%
Norm of the North
18%
Missing Link
12%
Earth to Echo
6%
No matching quizzes found
Score Distribution
Percent of People with Each Score
Percentile by Number Answered
Your Score History
You have not taken this quiz